Skorowidz gmin Śląska Dolnego i Opolskiego z niemieckimi i polskimi nazwami miejscowości / (Rekord nr 27185)
| 000 -Nagłówek | |
|---|---|
| fixed length control field | 01637cam a2200337 i 4500 |
| 001 - Nr kontrolny bibl., która utworzyła rek. | |
| control field | zz2006920176 |
| 003 - Siglum bibl., której nr kontr. jest w 001 | |
| control field | NUKAT |
| 005 - Data i czas ostatniej operacji | |
| control field | 20260320211257.0 |
| 008 - Elementy pola stałej długości | |
| fixed length control field | 060108s1945 pl |000 0 pol c |
| 035 ## - Systemowy numer kontrolny | |
| systemowy numer kontrolny | (OCoLC)750018029 |
| 035 ## - Systemowy numer kontrolny | |
| systemowy numer kontrolny | (NUKAT)zz2006920176 |
| 040 ## - Instytucja sporządzająca opis | |
| Instytucja, która sporządziła opis | GD U/MZ |
| język katalgowania-trzyzn. kod | pol |
| zasady opisu | rda |
| Instytucja, która sporządziła rekord | GD U/MZ |
| Instytucja, która zmodyfikowała rekord | GD U/JDs |
| -- | KR PAU/AD |
| -- | OLSZT 008/AL |
| 245 00 - Tytuł właściwy i oznaczenie odpow. | |
| tytuł | Skorowidz gmin Śląska Dolnego i Opolskiego z niemieckimi i polskimi nazwami miejscowości / |
| dod. inf. ze s. tyt./ozn. odpow. | Wydawnictwa Instytutu Śląskiego. |
| 250 ## - Oznaczenie wydania | |
| oznaczenie wydania | Według stanu z dnia 1 stycznia 1941. |
| 260 ## - Adres wydawniczy | |
| miejsce wydania, dystrybucji itp. | Katowice : |
| nazwa wydawcy, dystrybutora itp. | Wydawnictwa Instytutu Śląskiego, |
| data wydania, dystrybucji itp. | 1945 |
| miejsce druku | (Katowice : |
| nazwa drukarni | Księgarnia i Drukarnia Katolicka). |
| 300 ## - Opis fizyczny | |
| objętość i/lub forma materiału | 50 stron ; |
| format | 21 cm. |
| 336 ## - Content Type | |
| Term | Tekst |
| Code | txt |
| Source | rdacontent |
| 337 ## - Media Type | |
| Term | Bez urządzenia pośredniczącego |
| Code | n |
| Source | rdamedia |
| 338 ## - Carrier Type | |
| Term | Wolumin |
| Code | nc |
| Source | rdacarrier |
| 490 1# - Tytuł serii i ks. wielotom.-nie do wysz. | |
| oznaczenie serii | Wydawnictwa Instytutu Śląskiego |
| 546 ## - Uwaga o języku opisywanego materiału | |
| uwaga o języku | Nazwy miejscowe także w języku niemieckim. |
| 650 #7 - Hasło przedmiotowe-nazwa pospolita | |
| nazwa pospolita lub geogr. | Nazwy geograficzne niemieckie |
| określnik geograficzny | Polska |
| -- | Śląsk, Dolny (region). |
| źródło hasła | kaba |
| 9 (RLIN) | 38653 |
| 650 #7 - Hasło przedmiotowe-nazwa pospolita | |
| nazwa pospolita lub geogr. | Nazwy geograficzne niemieckie |
| określnik geograficzny | Polska |
| -- | Śląsk Opolski (region). |
| źródło hasła | kaba |
| 9 (RLIN) | 38654 |
| 650 #7 - Hasło przedmiotowe-nazwa pospolita | |
| nazwa pospolita lub geogr. | Nazwy geograficzne niemieckie |
| określnik geograficzny | Polska |
| -- | Śląsk, Dolny (region). |
| źródło hasła | kaba |
| 9 (RLIN) | 38653 |
| 650 #7 - Hasło przedmiotowe-nazwa pospolita | |
| nazwa pospolita lub geogr. | Nazwy geograficzne niemieckie |
| określnik geograficzny | Polska |
| -- | Śląsk Opolski (region). |
| źródło hasła | kaba |
| 9 (RLIN) | 38654 |
| 651 #7 - Hasło przedmiotowe-nazwa geogr. | |
| nazwa geograficzna | Śląsk, Dolny (Polska ; region) |
| określnik formy | spisy geograficzne. |
| źródło hasła | kaba |
| 9 (RLIN) | 38655 |
| 651 #7 - Hasło przedmiotowe-nazwa geogr. | |
| nazwa geograficzna | Śląsk Opolski (Polska ; region) |
| określnik formy | spisy geograficzne. |
| źródło hasła | kaba |
| 9 (RLIN) | 38656 |
| 710 2# - Hasło dodatkowe - nazwa ciała zbior. | |
| nazwa ciała zbior. lub nazwa geogr. | Instytut Śląski (Katowice ; 1934-1948). |
| rodzaj współpracy | Wydawca |
| kod rodzaju współpracy | pbl |
| 9 (RLIN) | 7032 |
| 830 #0 - Hasło dod. serii i op. ks. wielotom. -tyt | |
| tytuł | Wydawnictwa Instytutu Śląskiego |
| 9 (RLIN) | 27551 |
| 942 ## - ADDED ENTRY ELEMENTS (KOHA) | |
| Source of classification or shelving scheme | Dewey Decimal Classification |
| Koha item type | pozycje dostępne na miejscu |
| Status wycofania | Status zagubienia | Klasyfikacja | Status uszkodzenia | Blokada wypożyczeń | Kolekcja | Lokalizacja macierzysta | Lokalizacja bieżąca | Data nabycia | Numer akcesji | Nr inwentarzowy | il. wypożyczeń | Sygnatura | Kod kreskowy | Date last seen | Price effective from | Typ egz. |
|---|---|---|---|---|---|---|---|---|---|---|---|---|---|---|---|---|
| Dewey Decimal Classification | nieuszkodzona | Pracownia Badań Księgozbiorów Historycznych | Biblioteka Instytutu Północnego w Olsztynie | Pracownia Badań Księgozbiorów Historycznych | 20/03/2026 | W-90/1970 | 14301 | 14301 | IPWK20857 | 20/03/2026 | 20/03/2026 | pozycje dostępne na miejscu |